Cukrovarníctvo v súčasných podmienkach
Agrárna a potravinová politika EÚ. Princípy vytvorenia cukorného poriadku. Legislatíva upravujúca trhový poriadok pre cukor. V minulosti bolo na Slovensku vyše 60 fungujúcich cukrovarov, ktoré boli zrušené na základe reforiem s cukrom. Dnes fungujú u nás už len dva závody a to v Seredi a v Trenčians...
Salvato in:
| Autore principale: | |
|---|---|
| Natura: | Capitolo di libro |
| Lingua: | slovacco |
| Soggetti: | |
| Tags: |
Nessun Tag, puoi essere il primo ad aggiungerne!!
|
MARC
| LEADER | 00000nla$a2200000$$$4500 | ||
|---|---|---|---|
| 001 | 0114721 | ||
| 005 | 20240502072300.1 | ||
| 041 | 0 | |a slo | |
| 044 | |a SK | ||
| 245 | 1 | 0 | |a Cukrovarníctvo v súčasných podmienkach |c Martina Špilová |
| 520 | |a Agrárna a potravinová politika EÚ. Princípy vytvorenia cukorného poriadku. Legislatíva upravujúca trhový poriadok pre cukor. V minulosti bolo na Slovensku vyše 60 fungujúcich cukrovarov, ktoré boli zrušené na základe reforiem s cukrom. Dnes fungujú u nás už len dva závody a to v Seredi a v Trenčianskej Teplej. Oba patria pod veľké nadnárodné koncerny. | ||
| 610 | 2 | 0 | |a cukrovarníctvo |
| 610 | 2 | 0 | |a cukrovary |
| 610 | 2 | 0 | |a Slovensko |
| 610 | 2 | 0 | |a legislatíva |
| 610 | 2 | 0 | |a Európska únia |
| 100 | 1 | |a Špilová, Martina | |